Division of powers between the European communities and their member states in the field of external relations : colloquium, 30 and 31 May 1980, Amsterdam /

Bibliographic Details
Corporate Authors: Universiteit van Amsterdam. Europa Instituut, Rijksuniversiteit Groningen. Vakgroep Europees Recht en Economisch Recht
Other Authors: Bleckmann, Albert
Format: Book
Language:English
Published: Deventer, Netherlands : Kluwer, 1981.
Subjects:

MARC

Tag First Indicator Second Indicator Subfields
LEADER 00000pam a2200000 a 4500
001 in00000079685
005 20191024104420.0
008 810210s1981 ne b 10000 eng
010 |a  81001052  
020 |a 9026812086 
035 |a (OCoLC)07282828 
035 |9 AAH9217AM 
040 |a DLC  |c DLC  |d TXA  |d UtOrBLW 
043 |a ew----- 
049 |a TXAM  |c [1501908] 
050 0 0 |a LAW 
082 0 |a 341.24/2  |2 19 
090 |a KJE5105  |b .D58 1981 
099 |a KG  |a D618 
245 0 0 |a Division of powers between the European communities and their member states in the field of external relations :  |b colloquium, 30 and 31 May 1980, Amsterdam /  |c Albert Bleckmann [and others] ; organized by Europa Instituut of the University of Amsterdam [and] Section for European - and Economic Law of the University of Groningen. 
264 1 |a Deventer, Netherlands :  |b Kluwer,  |c 1981. 
300 |a vi, 149 pages ;  |c 24 cm. 
336 |a text  |b txt  |2 rdacontent 
337 |a unmediated  |b n  |2 rdamedia 
338 |a volume  |b nc  |2 rdacarrier 
504 |a Includes bibliographical references. 
650 0 |a Law  |z Europe  |x Congresses. 
650 0 |a European communities  |x Congresses. 
700 1 |a Bleckmann, Albert. 
710 2 |a Universiteit van Amsterdam.  |b Europa Instituut. 
710 2 |a Rijksuniversiteit Groningen.  |b Vakgroep Europees Recht en Economisch Recht. 
999 |a MARS 
999 f f |s cdd0c33f-6898-3f02-b676-2c8c955fe1ea  |i 10447832-2ce4-34c2-b55a-16da2d8fc0ee  |t 0 
952 f f |p ric  |a Texas A&M University  |b Rellis Campus  |c Joint Library Facility  |d Remote Storage  |t 0  |e KJE5105 .D58 1981  |h Library of Congress classification  |i unmediated -- volume  |m A14806074397 
998 f f |a KJE5105 .D58 1981  |t 0  |l Remote Storage